Corporate foresight súčasť strategického manažmentu podniku

Corporate foresight a jeho metóda - roadmapping ako časť strategického podnikateľského plánovania. Nová generácia stanovenia top podnikateľských cieľov a stratégií založených na podnikovej vízii a stratégii. Roadmapping vyžaduje rozhodnutia, ktoré identifikujú a spoja potreby investorov s tým, čo fi...

ver descrição completa

Na minha lista:
Detalhes bibliográficos
Autor principal: Jemala, Marek
Formato: Capítulo de Livro
Idioma:eslovaco
Assuntos:
Tags: Adicionar Tag
Sem tags, seja o primeiro a adicionar uma tag!

MARC

LEADER 00000nla$a2200000$$$4500
001 0069729
005 20240502071836.8
041 0 |a slo 
044 |a SK 
245 1 0 |a Corporate foresight  |b súčasť strategického manažmentu podniku  |c Marek Jemala 
520 |a Corporate foresight a jeho metóda - roadmapping ako časť strategického podnikateľského plánovania. Nová generácia stanovenia top podnikateľských cieľov a stratégií založených na podnikovej vízii a stratégii. Roadmapping vyžaduje rozhodnutia, ktoré identifikujú a spoja potreby investorov s tým, čo firma môže dosiahnuť. 
610 2 0 |a manažment strategický 
610 2 0 |a podnik 
610 2 0 |a plánovanie podnikové 
610 2 0 |a predvídanie 
610 2 0 |a plán strategický 
100 1 |a Jemala, Marek